Under the tree talking : (Record no. 8482)

MARC details
000 -LEADER
fixed length control field 01152nam a22002892 4500
001 - CONTROL NUMBER
control field 0000013197
005 - DATE AND TIME OF LATEST TRANSACTION
control field 20151217152123.0
008 - FIXED-LENGTH DATA ELEMENTS--GENERAL INFORMATION
fixed length control field 090621s xx 000 0 eng d
020 ## - INTERNATIONAL STANDARD BOOK NUMBER
International Standard Book Number 0863555862 :
040 ## - CATALOGING SOURCE
Original cataloging agency KABU
Transcribing agency KABU
245 10 - TITLE STATEMENT
Title Under the tree talking :
Remainder of title leadership for change in Africa /
Statement of responsibility, etc. edited and with an introduction by Onyekachi Wambu; foreward by John Githongo.
250 ## - EDITION STATEMENT
Edition statement 1st ed.
260 ## - PUBLICATION, DISTRIBUTION, ETC. (IMPRINT)
Place of publication, distribution, etc. London :
Name of publisher, distributor, etc. Counterpoint,
Date of publication, distribution, etc. 2007.
300 ## - PHYSICAL DESCRIPTION
Extent 291 p.
610 20 - SUBJECT ADDED ENTRY--CORPORATE NAME
Corporate name or jurisdiction name as entry element Africa
General subdivision History
Chronological subdivision 21st Century.
-- 0000170348
650 #0 - SUBJECT ADDED ENTRY--TOPICAL TERM
Topical term or geographic name as entry element Leadership
Geographic subdivision Africa.
-- 0000170353
700 1# - ADDED ENTRY--PERSONAL NAME
Personal name Wambu, Onyekachi.
-- 0000170354
852 1# - LOCATION
-- p500 KES
852 1# - LOCATION
-- p500 KES
852 1# - LOCATION
-- p500 KES
852 1# - LOCATION
-- p500 KES
852 1# - LOCATION
-- p500 KES
852 1# - LOCATION
-- p500 KES
852 1# - LOCATION
-- p1600 KES
908 ## - PUT COMMAND PARAMETER (RLIN)
Put command parameter 090621
950 ## - LOCAL HOLDINGS (RLIN)
-- 1
Holdings
Withdrawn status Lost status Source of classification or shelving scheme Not for loan Home library Current library Date acquired Total Checkouts Full call number Barcode Date last seen Price effective from Koha item type Date last checked out Total Renewals
    Library of Congress Classification   Kabarak, Main Campus Kabarak, Main Campus 17/12/2015   DT30.5 .U53 2007 c. 2 17899 17/12/2015 17/12/2015 General Collection    
    Library of Congress Classification   Kabarak, Main Campus Kabarak, Main Campus 17/12/2015 1 DT30.5 .U53 2007 c. 3 17900 14/04/2022 17/12/2015 General Collection 30/03/2022  
    Library of Congress Classification   Kabarak, Main Campus Kabarak, Main Campus 17/12/2015 1 DT30.5 .U53 2007 c. 4 17901 02/11/2022 17/12/2015 General Collection 18/10/2022  
    Library of Congress Classification   Kabarak, Main Campus Kabarak, Main Campus 17/12/2015   DT30.5 .U53 2007 c. 5 17902 17/12/2015 17/12/2015 General Collection    
    Library of Congress Classification   Kabarak, Main Campus Kabarak, Main Campus 17/12/2015   DT30.5 .U53 2007 c. 6 17903 17/12/2015 17/12/2015 General Collection    
    Library of Congress Classification   Kabarak, Main Campus Kabarak, Main Campus 17/12/2015   DT30.5 .U53 2007 c. 7 17904 17/12/2015 17/12/2015 General Collection    
    Library of Congress Classification   Kabarak, Main Campus Kabarak, Main Campus 17/12/2015 2 DT30.5 .U53 2007 c. 8 014630 28/03/2023 17/12/2015 General Collection 23/02/2023 1
    Library of Congress Classification   Kabarak, Main Campus Kabarak, Main Campus 17/12/2015   DT30.5 .U53 2007 c. 1 17898 17/12/2015 17/12/2015 Africana Collection    
    Library of Congress Classification   Kabarak, Main Campus Kabarak, Main Campus 17/12/2015   DT30.5 .U53 2007 c. 1 17905 17/12/2015 17/12/2015 General Collection    
    Library of Congress Classification   Kabarak, Main Campus Kabarak, Main Campus 17/12/2015   DT30.5 .U53 2007 c. 2 17906 17/12/2015 17/12/2015 General Collection    
Designed with assistance from East African Informatics Ltd